LEADER 00863cam1 22002291 450 001 SOBE00016766 005 20110912084247.0 100 $a20110725f0000 |||||ita|0103 ba 101 $aeng 102 $aNL 200 1 $a<>making of European women's studies$ea work in progress report on curriculum development and related issues in gender education and research$fRosi Braidotti, Berteke Waaldijk 210 $aUtrecht$cAthena$cUtrecht university 215 $av.$d24 cm 463 1$1001SOBE00016770$12000 $a7 / Rosi Braidotti, Berteke Waaldijk 700 1$aBraidotti$b, Rosi$3AF00011511$4070$0162901 701 1$aWaaldijk, Berteke$3SOBA00000126$4070$0632943 801 0$aIT$bUNISOB$c20110912$gRICA 912 $aSOBE00016766 940 $aM 102 Monografia moderna SBN 941 $aM 996 $aMaking of European women's studies$91721887 997 $aUNISOB